| 000 | 01861cam a2200385 a 4500 | ||
|---|---|---|---|
| 003 | OSt | ||
| 005 | 20201028105247.0 | ||
| 008 | 991103t00001997ck ad 001 0 spa d | ||
| 020 | _a9586006409 | ||
| 040 |
_aCO-BoPUJ _cCO-JMCR |
||
| 041 | 1 |
_aspa _heng |
|
| 082 | 0 | 4 |
_a330 / _bM129e _223 |
| 100 | 1 |
_aMcConnell, Campbell Robertson _eautor _912085 |
|
| 245 | 1 | 0 |
_aEconomía: _bprincipios, problemas y políticas / _cCampbell Robertson McConnell y Stanley L. Brue ; traducción Gladys Arango Medina y Magaly Bernal Osorio ; editoras Emma Ariza H., Martha Edna Suárez R. |
| 250 | _aDecimotercera edición | ||
| 260 |
_aSanta Fe de Bogotá : _bMcGraw-Hill, _c1997. |
||
| 300 |
_axxviii, 958 páginas : _bilustraciones, gráficos ; _c27 cm. |
||
| 500 | _aDatos biográficos de los autores. | ||
| 504 | _aIncluye glosario | ||
| 505 | 0 | _aIntroducción a la economía y a lo económico -- Ingreso nacional, empleo y política fiscal -- Moneda, banca y política monetaria -- Problemas y controversias en la macroeconomía -- Microeconomía de los mercados de producción -- Microeconomía de los mercados de factores productivos -- El gobierno y los problemas económicos actuales -- Teoría económica internacional y economía mundial | |
| 534 | _tEconomics : principles, problems and policies | ||
| 546 | _aTraducción del inglés. | ||
| 650 | 2 | 4 |
_aInflación _94900 |
| 650 | 2 | 4 |
_aEconomía mixta _95295 |
| 650 | 2 | 4 |
_aPolítica fiscal _912086 |
| 650 | 2 | 4 |
_aPolítica monetaria _912087 |
| 650 | 2 | 4 |
_aCrecimiento económico _93636 |
| 650 | 2 | 4 |
_aEconomía _912088 |
| 700 | 1 |
_aAriza Herrera, Emma _eeditora _912089 |
|
| 700 | 1 |
_aArango Medina, Gladys _etraductora _95433 |
|
| 700 | 1 |
_aBernal Osorio, Magaly _etraductora _912090 |
|
| 700 | 1 |
_aBrue, Stanley L. _eautor _95770 |
|
| 700 | 1 |
_aSuárez Rios, Martha Edna _eeditora _912091 |
|
| 942 |
_2ddc _cBK |
||
| 999 |
_c6989 _d6989 |
||